000 00342nam a2200133Ia 4500
008 240624s9999 xx 000 0 und d
041 _aeng
082 _a306 SWE
100 _aSWEDBERG RICHARD
245 _aPRINCIPLES OF ECONOMIC SOCIOLOGY
260 _c2007
_aNew Delhi
_bPrinceton University Press
300 _a384 : p.
365 _cRS
_b30
999 _c27969
_d27969